| 000 | 01074nac a22003377a 4500 | ||
|---|---|---|---|
| 001 | BR0600252 | ||
| 003 | BR-BrBNA | ||
| 005 | 20240105123240.0 | ||
| 008 | 230509b bl.|||m| |||| 00| 0 por d | ||
| 040 |
_aBR-BrBNA _bpor _cBiblioteca Nacional de Agricultura |
||
| 072 | _aH60; F08 | ||
| 090 | _a0430 BR0600252 | ||
| 100 | 1 | _aCorrêa, J.C. | |
| 100 | 1 | _aAguiar, J.L.P. de | |
| 110 | 1 | _aEMBRAPA Cerrados, Planaltina, DF (Brasil) | |
| 245 | 1 | _aControle dos rebrotamentos das soqueiras do algodoeiro herbáceo em plantio direto | |
| 260 | 3 |
_aPlanaltina, DF (Brasil): _c2004. |
|
| 300 | _a19 p. | ||
| 490 |
_aBoletim de Pesquisa e Desenvolvimento - EMBRAPA CERRADOS (Brazil) _vno. 119 _xISSN 1676-918X |
||
| 500 | _aSummaries (En, Pt); 21 ref. | ||
| 650 | _aALGODÃO HERBÁCEO | ||
| 650 | _aREBROTA | ||
| 650 | _aPLANTIO DIRETO | ||
| 650 | _aSISTEMA DE PRODUÇÃO | ||
| 650 | _aECONOMIA AGRÍCOLA | ||
| 650 | _aÉPOCA DE PLANTIO | ||
| 650 | _aHERBICIDA | ||
| 650 | _aCERRADO | ||
| 909 |
_a202312 _bLúcia Elande _c55 _dLúcia Elande |
||
| 942 |
_2AGRIS _n0 _cMS |
||
| 999 |
_c294612 _d294612 |
||